| 000 | 01002cam a22001814a 4500 | ||
|---|---|---|---|
| 999 |
_c3929 _d3929 |
||
| 020 | _a0131839594 (alk. paper) | ||
| 022 | _a9780131839595 | ||
| 050 | 0 | 0 |
_aBF121 _b.C52 |
| 100 | 1 | _aCiccarelli, Saundra K. | |
| 245 | 1 | 0 |
_aPsychology / _cSaundra K. Ciccarelli, Glenn E. Meyer. |
| 260 |
_aUpper Saddle River, N.J. : _bPearson Prentice Hall, _cc2006. |
||
| 300 |
_axxxvii, 13, 597, [134] p. : _bill. (chiefly col.) ; _c28 cm. |
||
| 500 | _aIncludes bibliographical references and index | ||
| 505 | _aThe Science of psychology -- The Biological perspectives -- Sensation and perception -- Consciousness: sleep, dreams, hypnosis, and drugs -- Learning -- Memory -- Development across the life span -- Cognition: thinking, intelligence, and language -- Motivation and emotion -- Sexuality and gender -- Stress and health -- Theories of personality -- Social psychology -- Psychological disorders -- Psychological therapies. | ||
| 650 | 0 | 0 | _aPsychology. |
| 700 | 1 | _aMeyer, Glenn E. | |
| 942 | _cBK | ||